Statystyki dla Państwa z nie jedną stolicą (dla Geomexa)

Kliknij tutaj aby rozwiązać quiz!

Ogólne statystyki

  • Ten quiz został rozwiązany 41 razy
  • Średni wynik to 5 z 13

Statystyki odpowiedzi

HintOdpowiedź% Poprawnych
AfrykaRepublika Południowej Afryki
94%
EuropaHolandia
78%
Ameryka południowaBoliwia
75%
Ameryka południowaChile
53%
AfrykaWybrzeże kości słoniowej
41%
AfrykaTanzania
38%
AfrykaBenin
28%
AfrykaBurundi
25%
EuropaCzarnogóra
25%
AzjaMalezja
25%
AzjaSri lanka
22%
AfrykaEswatini
16%
AzjaKorea Południowa
16%

Rozkład punktacji

Percentyl według liczby udzielonych odpowiedzi

Procent ludzi z każdym wynikiem

Twoja historia wyników

Nie rozwiązałeś tego quizu